000 00445nam a2200181Ia 4500
001 2565
005 20260306144816.0
008 260306t2005||||xx |||||||||||||| ||spa||
041 _aESP
082 _a616.89143
_bG23
100 _aGarcía Licea, Fernando
_eAUT
245 0 _aPsicoterapia Gestalt:
_bproceso figura-fondo
260 _c2005
300 _a126 páginas :
_c23 cm.
650 _aGEN
654 _aCPS
942 _cLIB
_dJUS
_fJUS
_2ddc
_n
999 _c2565
_d2565